00518nam a22001457a 4500020002200000082001800022100001700040245008000057260003900137300000800176650005100184942000700235952011300242999001700355 a978-93-515-0072-8 a322.10954 QAD aQadir, Altaf aSayyid Ahmad Barailvi: His Movement and Legacy from the Pukhtun Perspective aNew DelhibSage Publicationsc2015 a224 aSayyid Ahmed ShaheedaIslamic Renewal-Pakistan cBK 00104070aHMIbHMIcGENd2017-11-03eKohinoorg950.00l0o322.10954 QADp25397r2017-11-09w2017-11-09yBK c20749d20749